Les 10 villes les plus peuplées d'Inde - Statistiques

Statistiques générales
  • Ce quiz a été pris 45 fois
  • Le résultat moyen est 6 sur 10
Statistiques - réponses
Population Ville % Correct
18 414 288 Mumbai (Bombay)
100%
14 112 536 Kolkata (Calcutta)
87%
8 499 399 Bengaluru (Bangalore)
77%
16 314 838 Dehli
64%
7 749 334 Hyderabad
59%
8 696 010 Chennai (Madras)
54%
6 352 254 Ahmedabad
46%
3 073 350 Jaipur
41%
5 049 968 Pune
36%
4 585 367 Surate
23%
Aucun quiz correspondant
Distribution des résultats
% des personnes avec chaque résultat
Percentile par nombre de réponses
Votre historique - résultats
Vous n’avez pas pris ce quiz